Diccionario inglés - español (Registro nro. 13279)

Detalles MARC
000 -Cabecera
Campo de control de longitud fija 00529nam a22002177a 4500
005 - Fecha y hora de la última transacción
Campo de control 20250207173337.0
008 - Elementos de longitud fija--Información general
Campo de control de longitud fija 220322b2001 xxu||||| |||| 00| 0 spa d
020 ## - International Standard Book Number
Número Internacional Estándar del Libro (ISBN) 9706513248
041 ## - Idioma
Código de idioma Inglés
-- Español
082 ## - Clasificación Decimal Dewey
Número de clasificación R 423 D545d
245 ## - Título propiamente dicho
Título Diccionario inglés - español
260 ## - Pie de imprenta
Lugar de publicación, distribución, etc. España
260 ## - Pie de imprenta
Nombre del editor, distribuidor, etc. Océano Grupo Editorial
260 ## - Pie de imprenta
Fecha de publicación, distribución, etc. 2001
300 ## - Descripción física
Extensión 468 páginas
505 ## - Nota de contenido
Nota de contenido Diccionario español - inglés
650 ## - Materia general
Temática (materia general) DICCIONARIOS
650 ## - Materia general
Temática (materia general) INGLÉS
650 ## - Materia general
Temática (materia general) ESPAÑOL
942 ## - Punto de acceso adicional KOHA
Tipo de ítem KOHA Referencia
Fuente del sistema de clasificación o colocación Dewey Decimal Classification
Existencias
Signatura completa Código de barras Tipo de ítem
R 423 D545d 7128 Referencia
R 423 D545d 7129 Referencia